| 000 | 00607nam a2200193 a 4500 | ||
|---|---|---|---|
| 005 | 20240419064014.0 | ||
| 008 | 991125s1982 mx 000 0 spa u | ||
| 020 | _a9688051527 | ||
| 035 | _aUPN01000006938 | ||
| 049 | _aCG | ||
| 050 | 4 |
_aHD6532 _bM6.3 |
|
| 100 | 1 |
_aMorales Jiménez, Alberto _929386 |
|
| 245 | 1 | 3 |
_aLa casa del obrero mundial : _bensayo histórico / _cAlberto Morales Jiménez. |
| 260 |
_aMéxico : _bINEHRM, _c1982. |
||
| 300 | _a171 p. | ||
| 650 | 2 |
_aMovimientos obreros _zMéxico _xHistoria _ySiglo XX _920478 |
|
| 650 | 4 |
_aTrabajo y trabajadores _zMéxico _xHistoria _910850 |
|
| 905 | _aLibro | ||
| 999 |
_c6938 _d6938 |
||